00909cam a22002294a 4500020001800000040001800018082001800036245014600054260004300200300003300243504005100276650002200327650003500349650003200384650001700416650003200433700002400465700002200489942001200511999001700523952013900540 a9780262025775 aDLCcDLCdDLC00a612.8201122200aToward replacement parts for the brain :implantable biomimetic electronics as neural prostheses c Theodore W. Berger and Dennis L. Glanzman. aCambridge, Mass. :bMIT Press,cc2005. aix, 405 p. :bill. ;c24 cm. aIncludes bibliographical references and index. 0aNeural circuitry. 0aNeural networks (Neurobiology) 0aBrainxComputer simulation. 0aBiomimetics. 0aComputational neuroscience.1 aBerger, Theodore W.1 aGlanzman, Dennis. 2ddccBK c11409d11409 001040708NFICaCLbCLcGENd2012-11-12eEagle Information Marketingg4732.15l0o612.82011pSEECS011632r2012-12-19w2017-01-05yBK